000 00630nam a2200217 a 4500
999 _c8544
_d8544
001 8544
003 BD-JhCC
005 20180227094631.0
008 180227s2001 bg a|||| ||a| 000 0 ben d
035 _a(BD-JhCC)8544
040 _aBD-JhCC
_dBD-JhCC
041 _aben
082 _a709
_bGRA 2001
100 _aগ্রাস, গুন্টার
245 _aঢাকা আবিস্কার /
_cগুন্টার গ্রাস,
260 _aঢাকা :
_bআগামী প্রকাশনী,
_c2001
300 _a116 p. :
_c29 cm.
650 _aPictorial Dhaka
942 _2ddc
_cBK